Apertura comercial en Centroamerica: nuevos retos para la industria /
Este capítulo presenta un análisis del panorama avizorado para las pequeñas empresas industriales y las microempresas, en el marco del ajuste estructural. El capítulo se organiza en seis secciones. La primera ofrece una caracterización general de pequeñas empresas y microempresas en el sector manufa...
Saved in:
| Main Author: | |
|---|---|
| Other Authors: | |
| Format: | Text |
| Published: |
San José:
Departamento Ecuménico de Investigaciones (DEI)
|
| Subjects: | |
| Tags: |
Add Tag
No Tags, Be the first to tag this record!
|
MARC
| LEADER | 00000 a a2200000 04500 | ||
|---|---|---|---|
| 001 | 31530 | ||
| 003 | |||
| 040 | |||
| 020 | |a 9977-83-088-6 | ||
| 090 | |a 197807 | ||
| 100 | |a Altenburg, Tilman | ||
| 245 | |a Apertura comercial en Centroamerica: nuevos retos para la industria / |c Tilman Altenburg | ||
| 260 | |a San José: |b Departamento Ecuménico de Investigaciones (DEI) | ||
| 300 | |a 251 p. | ||
| 520 | |a Este capítulo presenta un análisis del panorama avizorado para las pequeñas empresas industriales y las microempresas, en el marco del ajuste estructural. El capítulo se organiza en seis secciones. La primera ofrece una caracterización general de pequeñas empresas y microempresas en el sector manufacturero. La segunda presenta información acerca del tamaño y la estructura de estas empresas en los países estudiados (Costa Rica y Honduras). En la tercera, se hacen algunas reflexiones acerca de los efectos en estas empresas que, según la teoría económica, se pueden esperar del ajuste estructural. La cuarta sección resume resultados del trabajo empírico respecto al comportamiento de estas empresas después que se llevaron a cabo estas reformas. En el quinto apartado se discute la relevancia de la especialización flexible para las pequeñas empresas y microempresas en los países estudiados y en el sexto y último se resumen los principales resultados del estudio, y se discuten las perspectivas futuras para estas empresas | ||
| 650 | |a REFORMA ECONOMICA | ||
| 650 | |a SECTOR INDUSTRIAL | ||
| 650 | |a PEQUEÑAS EMPRESAS | ||
| 650 | |a AJUSTE ESTRUCTURAL | ||
| 650 | |a LIBERALIZACION DEL INTERCAMBIO | ||
| 650 | |a CONSECUENCIAS ECONOMICAS | ||
| 650 | |a COMPORTAMIENTO ECONOMICO | ||
| 650 | |a COMPETITIVIDAD | ||
| 700 | |a edit. |a Nuhn, Helmut |a edit. | ||
| 999 | |c 4551 |d 4551 | ||



